Przydomki polskich klubów - Statystyki

Ogólne statystyki
  • Ten quiz został rozwiązany 1 046 razy
  • Średni wynik to 13 z 17
Statystyki odpowiedzi
Przydomek Zespół % Poprawnych
Kolejorz Lech Poznań
98%
Wojskowi Legia Warszawa
97%
Biała gwiazda Wisła Kraków
95%
Górnicy Górnik Zabrze
92%
Śledzie Arka Gdynia
91%
Pasy Cracovia
91%
Portowcy Pogoń Szczecin
88%
Miedziowi Zagłebie Lubin
77%
Pszczoły Jagiellonia Białystok
76%
Nafciarze Wisła Płock
76%
Czarne Koszule Polonia Warszawa
73%
Niebiescy Ruch Chorzów
73%
Scyzoryki Korona Kielce
71%
Czerwona Armia Widzew Łódź
57%
Rycerze Wiosny ŁKS Łódź
53%
Medaliki Raków Częstochowa
49%
Słonie Termalica Bruk-Bet Nieciecza
47%
Nie znaleziono quizów pasujących do podanych kryteriów
Rozkład punktacji
Procent ludzi z każdym wynikiem
Percentyl według liczby udzielonych odpowiedzi
Twoja historia wyników
Nie rozwiązałeś tego quizu